000 00827nam a2200289Ia 4500
001 Para_7417
003 CHAP
008 220125s1999 xx 000 0 und d
010 _a206284
040 _cCHAP
082 _aPA-C 632.3 B85
100 _aPammel, L.H.
_985040
245 _aSome unusual fungus diseases in Iowa during the summer of 1903 /
_c by L.H. Pammel
260 _as.l. :
_b s.n.
300 _a8 p. + 2 láms.
500 _aEncuadernado con otros impresos similares
650 _aCultivos
_x enfermedades
_930262
650 _aHongos fitopatógenos
_956132
650 _aPhytophthora infestans
_987925
901 _aPA-C 632.3 B85
902 _aA
905 _a00000019-- f 0000000000 00
910 _a19--
942 _cPARA
942 _cPARA
_d1
999 _c206284
_d206284